Fuites et poursuites

Wedi'i Gadw mewn:
Manylion Llyfryddiaeth
Prif Awdur: Archambault, Gilles; et al
Fformat: Llyfr
Iaith:French
Cyhoeddwyd: Quebec, Canadá Les Quinze 1982
Pynciau:
Tagiau: Ychwanegu Tag
Dim Tagiau, Byddwch y cyntaf i dagio'r cofnod hwn!

MARC

LEADER 00000nam a2200000Ia 4500
008 170316s9999 xx 000 0 fre d
040 |a cru BVZT 
090 |a 818 A-5f 
100 |a Archambault, Gilles; et al 
245 |a Fuites et poursuites 
260 |a Quebec, Canadá 
260 |b Les Quinze 
260 |c 1982 
300 |a 201 páginas 
650 |a LITERATURA CANADIENSE 
999 |c 21731  |d 21731 
942 |c LIB  |h 818 A-5f  |2 z